| Tag |
First Indicator |
Second Indicator |
Subfields |
| LEADER |
00000cam a2200000 4500 |
| 001 |
in00001229821 |
| 005 |
20151003071124.0 |
| 008 |
750409s1949 nyu 000 0 eng u |
| 010 |
|
|
|a 50001814
|
| 035 |
|
|
|a (OCoLC)01264170
|
| 035 |
|
|
|9 AGT3634AM
|
| 040 |
|
|
|c IVD
|d OCL
|d TXA
|d UtOrBLW
|
| 049 |
|
|
|a TXAM
|
| 050 |
0 |
0 |
|a BX2182
|b .L362
|
| 082 |
0 |
|
|a 242
|
| 090 |
|
|
|a BX2182
|b .L362 1949
|
| 100 |
1 |
|
|a LeBuffe, Francis P.
|q (Francis Peter),
|d 1885-1954.
|
| 245 |
1 |
0 |
|a My changeless Friend /
|c by Francis P. LeBuffe ; Arranged for daily meditations throughout the liturgical year.
|
| 264 |
|
1 |
|a New York :
|b Apostleship of Prayer,
|c [1949]
|
| 264 |
|
4 |
|c ©1949
|
| 300 |
|
|
|a 2 volumes (ix, 603 pages) ;
|c 23 cm.
|
| 336 |
|
|
|a text
|b txt
|2 rdacontent
|
| 337 |
|
|
|a unmediated
|b n
|2 rdamedia
|
| 338 |
|
|
|a volume
|b nc
|2 rdacarrier
|
| 505 |
0 |
|
|a v.1. Advent to Pentecost.--v.2. Pentecost to Advent.
|
| 504 |
|
|
|a Includes bibliographical references and index.
|
| 650 |
|
0 |
|a Church year meditations.
|
| 999 |
|
|
|a MARS
|
| 999 |
f |
f |
|s 1b1904a8-f088-303f-9f9f-572f79213a73
|i 01b2ed08-39a8-336e-8aad-c537a73a9a8d
|t 0
|
| 952 |
f |
f |
|p ric
|a Texas A&M University
|b Rellis Campus
|c Joint Library Facility
|d Remote Storage
|t 0
|e BX2182 .L362 1949
|h Library of Congress classification
|i unmediated -- volume
|k v.2
|m A14819715910
|
| 952 |
f |
f |
|p ric
|a Texas A&M University
|b Rellis Campus
|c Joint Library Facility
|d Remote Storage
|t 0
|e BX2182 .L362 1949
|h Library of Congress classification
|i unmediated -- volume
|k v.1
|m A14819715863
|
| 998 |
f |
f |
|a BX2182 .L362 1949
|s v.1-v.2
|t 0
|l Remote Storage
|